000 00668nam a22002177a 4500
005 20170124110015.0
010 _aA-794207
020 _c35.00
_a819004771
035 _aA-794207
037 _bCen Lib/Ret
040 _aDPL
_bEN
082 _a302
_bROS
100 _aRoss, Asirvatham V
_918598
245 _aNational integration :
_cby Asirvatham V. Ross
_butmost need of the hour /
260 _bHappy Loving Paeceful Book Publishing
_c1995
_aNew Delhi
270 _bNew Delhi
_aC-9/9132 vasant kunj
_e110070
300 _a74p.
_c22cm(Hb)
650 _aSocial science
_918599
650 _aPatriotism
_918600
942 _2ddc
_cEN
_h302
_mROS
999 _c126830
_d126830